Fundamentos del derecho civil patrimonial
Saved in:
| Hovedforfatter: | |
|---|---|
| Format: | Bog |
| Sprog: | spansk |
| Udgivet: |
Madrid
Civitas
1996
|
| Udgivelse: | 2a. ed |
| Fag: | |
| Tags: |
Tilføj Tag
Ingen Tags, Vær først til at tagge denne postø!
|
MARC
| LEADER | 00000nam a2200000 a 4500 | ||
|---|---|---|---|
| 001 | UCP4573 | ||
| 003 | CL-VaPUC | ||
| 008 | 990806e19960000SP |||||||||||||||||spa|d | ||
| 020 | |a 8447007804 | ||
| 020 | |a 8447007790v.2 | ||
| 082 | 0 | 4 | |a 346.4602 |b DIE |2 21 |
| 100 | 0 | |a Díez-Picazo y Ponce de León, Luis María |e author |9 432109 | |
| 245 | 1 | 0 | |a Fundamentos del derecho civil patrimonial |
| 250 | |a 2a. ed | ||
| 300 | |a v | ||
| 942 | |c BK | ||
| 945 | |d 19990806 00:00:00 |a vberengu | ||
| 260 | |a Madrid |b Civitas |c 1996 | ||
| 500 | |a v.1: Introducción: Teoría del Contrato | ||
| 500 | |a v.2: Las Relaciones Obligatorias | ||
| 650 | 7 | |a CESION DE CREDITOS |2 CL-VaPUC |9 385770 | |
| 650 | 0 | |a Contratos |9 255153 | |
| 650 | 0 | |a Derecho civil |9 255013 | |
| 650 | 0 | |a Deudor y acreedor |9 256643 | |
| 650 | 0 | |a Obligaciones |9 255578 | |
| 650 | 0 | |a Patrimonio |9 257770 | |
| 650 | 0 | |a Propiedad |9 255268 | |
| 650 | 7 | |a RESPONSABILIDAD CIVIL |2 CL-VaPUC |9 432110 | |
| 583 | |a last modification |c 20160915 12:12:42 |k Rodrigo Vera | ||
| 999 | |c 282484 |d 282482 | ||
| 952 | |0 0 |1 0 |4 0 |6 346_460200000000000_DIE_1996 |7 0 |8 A |9 324295 |a BIBDER |b BIBDER |d 2019-11-20 |h v.1 |i 3488810 |o 346.4602 DIE 1996 |p 3488810 |r 2023-01-25 |w 2019-11-20 |y BK |k DER | ||
| 952 | |0 0 |1 0 |4 0 |6 346_460200000000000_DIE_1996 |7 0 |8 A |9 324296 |a BIBDER |b BIBDER |d 2019-11-20 |h v.2 |i 3488829 |o 346.4602 DIE 1996 |p 3488829 |r 2023-01-25 |w 2019-11-20 |y BK |k DER | ||
| 952 | |0 0 |1 0 |4 0 |6 346_460200000000000_DIE_1996 |7 0 |8 A |9 324297 |a BIBDER |b BIBDER |d 2019-11-20 |h v.2 |i 4046021 |o 346.4602 DIE 1996 |p 4046021 |r 2023-01-25 |w 2019-11-20 |y BK |k DER | ||
| 952 | |0 0 |1 0 |4 0 |6 346_460200000000000_DIE_1996 |7 0 |8 A |9 324298 |a BIBDER |b BIBDER |d 2019-11-20 |h v.2 |i 4171314 |o 346.4602 DIE 1996 |p 4171314 |r 2023-01-25 |w 2019-11-20 |y BK |k DER | ||